000 00895nam a2200217Ii 4500
003 JO-AjNU
008 230605s9999||||xx |||||||||||||| ||und||
040 _aJO-AjNU
_bara
_erda
_cJO-AjNU
041 _aara
050 1 4 _aHN781.T55 1981
100 3 _aالتير، مصطفى عمر / م.مشارك: سليمان مانه، محمد الزرقاني,
_eauthor
_913562
245 0 0 _aانماط التكيف الاجتماعي في القرى الزراعية الجديدة
250 _aط1
264 3 1 _aبيروت: معهد الانماء العربي، 1981
300 _a133ص
_bيحتوي على ببلوغرافية وملاحق من 107-133ص
336 _atext
_btxt
_2rdacontent
337 _aunmediated
_bn
_2rdamedia
338 _avolume
_bnc
_2rdacarrier
490 0 _aالدراسات الانسانية علم الاجتماع
650 4 _aالتكيف الاجتماعي
_913563
999 _aA3409
_c6977
_d6977